[Event "Schweinfurt op 29th"]
[Site "Schweinfurt"]
[Date "2019.06.22"]
[Round "4"]
[White "Peuckert, Ruediger"]
[Black "Brueckner, Alexander"]
[Result "1/2-1/2"]
[WhiteElo "1783"]
[BlackElo "1875"]
[PlyCount "46"]
[EventDate "2019.06.20"]
[EventType "swiss"]
[EventRounds "7"]
[EventCountry "GER"]
[SourceTitle "CBM 191 Extra"]
[Source "ChessBase"]
[SourceDate "2019.09.30"]
[SourceVersion "1"]
[SourceVersionDate "2019.09.30"]
[SourceQuality "1"]

1. e4 c5 2. Nf3 e6 3. d4 cxd4 4. Nxd4 a6 5. Nc3 Nc6 6. a3 Qc7 7. Nxc6 bxc6 8. Bc4 Nf6 9. 0-0 d5 10. exd5 cxd5 11. Bb3 Bd6 12. h3 h6 13. Re1 0-0 14. Ne2 Ne4 15. Be3 Bb7 16. c3 Rad8 17. Nd4 Bc5 18. Qg4 Bxd4 19. Bxd4 e5 20. Be3 Qc6 21. Rad1 Rd6 22. Qf5 Re8 23. f3 Bc8 1/2-1/2

[Event "Unterfranken-ch69 HT"]
[Site "Schweinfurt"]
[Date "2018.04.04"]
[Round "4"]
[White "Peuckert, Ruediger"]
[Black "Simon, Manuel"]
[Result "0-1"]
[WhiteElo "1822"]
[BlackElo "1562"]
[PlyCount "124"]
[EventDate "2018.04.02"]
[EventType "swiss"]
[EventRounds "9"]
[EventCountry "GER"]
[SourceTitle "EXT 2019"]
[Source "ChessBase"]
[SourceDate "2018.10.10"]
[SourceVersion "1"]
[SourceVersionDate "2018.10.10"]
[SourceQuality "1"]

1. d4 Nf6 2. Bf4 g6 3. e3 Bg7 4. Nf3 d5 5. Bd3 0-0 6. Nbd2 Nbd7 7. Ne5 Nh5 8. Qf3 Nb6 9. g4 Nxf4 10. Qxf4 f6 11. Nxg6 hxg6 12. Bxg6 Qd6 13. Qf3 Bh6 14. Qh3 Kg7 15. Qh5 Rh8 16. Bd3 Be6 17. Qg6+ Kf8 18. 0-0-0 Bf7 19. Qf5 Qd7 20. Qf3 Bg5 21. h4 Bxh4 22. Rh3 Kg7 23. Rdh1 Bg5 24. Rxh8 Rxh8 25. Rxh8 Kxh8 26. Qh3+ Kg7 27. Qh7+ Kf8 28. Qh8+ Bg8 29. Bh7 Qe6 30. f4 Bxf4 31. Qxg8+ Qxg8 32. Bxg8 Bxe3 33. Be6 Bxd4 34. Nf3 Be3+ 35. Kd1 Kg7 36. Nh4 Bf4 37. Nf5+ Kf8 38. Ke2 Ke8 39. b3 Kd8 40. Kd3 c6 41. a4 Nd7 42. Ke2 Ne5 43. Nd4 Kc7 44. Bf5 Kd6 45. c3 Nf7 46. Bc8 e5 47. Nf5+ Kc7 48. Be6 Ng5 49. Ng7 Nxe6 50. Nxe6+ Kd6 51. Ng7 b6 52. Nf5+ Kd7 53. c4 e4 54. cxd5 cxd5 55. Nd4 a6 56. b4 Kd6 57. b5 a5 58. Kd1 Be5 59. Nb3 d4 60. Kc2 Kd5 61. Kd2 Kc4 62. Kc2 d3+ 0-1